| 000 | 01582nam1a2200349 i 4500 | ||
|---|---|---|---|
| 001 | RU\NLR\BIBL_A\021981190 | ||
| 005 | 20241212232557.0 | ||
| 010 |
_a9785907646216 _91000 |
||
| 035 | _a(NLR Aleph) 021981190 | ||
| 090 |
_a12398910 _c12398910 |
||
| 100 | _a20230714d2023 u y0rusy50 ca | ||
| 101 | 1 |
_arus _cchi |
|
| 102 | _aRU | ||
| 105 | _a| z ||||| | ||
| 181 | 0 |
_ai _baxxe |
|
| 182 | 0 | _an | |
| 200 | 1 |
_aСказ о походе Чжэн Хэ в Западный океан _eроман _eв 2 т. _fЛо Маодэн _gпер. с кит., предисловие, комментарии, приложения Н. Е. Боревской |
|
| 203 |
_aТекст _bвизуальный _cнепосредственный |
||
| 205 | _aСокр. изд. | ||
| 210 |
_aМосква _cШанс _d2023 |
||
| 215 | _d22 | ||
| 333 | _a16+ | ||
| 500 | 1 | 0 |
_7ca _aСаньбао тайцзянь Сиян цзи _92639848 _3RU\NLR\AUTH\5508876 |
| 604 |
_1700#0$aЛо Маодэн$f1517 _1500##$a"Сказ о походе Чжэн Хэ в Западный океан"$2nlr_sh2$3RU\NLR\AUTH\6601728983 _3RU\NLR\AUTH\6601728983 _aЛо Маодэн (1517) _t"Сказ о походе Чжэн Хэ в Западный океан" _92564774 |
||
| 686 | 1 | _aШ5(5Кит)4-4Ло Маодэн534 | |
| 700 | 0 |
_7ca _8rus _aЛо Маодэн _f1517- _9259025 _3RU\NLR\AUTH\770259081 |
|
| 702 | 1 |
_aБоревская _bН. Е. _f1940- _gНина Ефимовна _4730 |
|
| 852 |
_aNLR _j2023-5/5495 |
||
| 942 | _cBOOK | ||